Wunderhorse - Girl Behind The Glass Lyrics - Statistics

General Stats
  • This quiz has been taken 7 times
  • The average score is 189 of 196
Answer Stats
Answer % Correct
a
100%
A
100%
Ain't
100%
ain't
100%
and
100%
are,
100%
are
100%
be
100%
behind
100%
but
100%
cronies
100%
did
100%
die
100%
do
100%
don't
100%
Don't
100%
fast
100%
five
100%
found
100%
girl
100%
glass
100%
go?
100%
go
100%
gone
100%
have
100%
home
100%
I
100%
if
100%
it
100%
know
100%
laugh
100%
life
100%
me
100%
no
100%
of
100%
ones
100%
photograph
100%
remember
100%
so
100%
someone
100%
soul
100%
still
100%
the
100%
to
100%
up
100%
used
100%
wake
100%
watch
100%
watching
100%
what
100%
Where
100%
where
100%
who
100%
won't
100%
years
100%
you
100%
your
100%
You're
100%
anything
75%
broken
75%
eyes
75%
feeling
75%
get
75%
I'll
75%
in
75%
just
75%
kind
75%
magic
75%
make
75%
miss
75%
need
75%
Sometimes
75%
that
75%
things
75%
waiting
75%
want
75%
with
75%
wonder
75%
worry
75%
yet
75%
mmm
0%
No matching quizzes found
Score Distribution
Percent of People with Each Score
Percentile by Number Answered
Your Score History
You have not taken this quiz